[Event "Tiger CUP-1"]
[Site "SchemingMind.com"]
[Date "2015.05.19"]
[Round "-"]
[White "Mike Smith"]
[Black "Oskyrain"]
[Result "0-1"]
[WhiteCountry "ENG"]
[BlackCountry "ARG"]
[WhiteElo "2017"]
[WhiteRD "93"]
[BlackElo "2474"]
[BlackRD "79"]
[GameID "379978"]

1. c4 Nf6 2. Nc3 e6 3. Nf3 Bb4 4. d4 d5 5. e3 O-O 6. Bd3 c5 7. O-O dxc4 8. Bxc4 Nbd7 9. a3 Ba5 10. Qc2 cxd4
11. exd4 a6 12. Bg5 b5 13. Be2 Bb7 14. b4 Bb6 15. Rfd1 h6 16. Bh4 Qe7 17. Qd2 Rac8 18. Rac1 Rfd8 19. Qe3 Qf8 20. h3= Re8
21. Bg3 Nd5 22. Nxd5 Bxd5 23. Ne5 Nxe5 24. Bxe5 f6 25. Rxc8 Rxc8 26. Bg3 e5 27. Bxe5 fxe5 28. Qxe5 Bb3 29. Rb1 Re8 30. Qg3 Rxe2
31. Rxb3 Bxd4 32. Rf3 Qc8 33. Qg6 Qc1+ 34. Kh2 Qc7+ 35. g3 Bxf2 36. Kg2 Be3+ 37. Kf1 Qc1+
0-1

[Event "Tiger CUP-1"]
[Site "SchemingMind.com"]
[Date "2015.05.19"]
[Round "-"]
[White "Glenn O'Brien"]
[Black "Mike Smith"]
[Result "0-1"]
[WhiteCountry "AUS"]
[BlackCountry "ENG"]
[WhiteElo "2051"]
[WhiteRD "67"]
[BlackElo "2017"]
[BlackRD "93"]
[GameID "379979"]

1. e4 c5 2. Nf3 Nc6 3. d4 cxd4 4. Nxd4 g6 5. Nc3 Bg7 6. Be3 Nf6 7. Bc4 Qa5 8. O-O O-O 9. Bb3 d6 10. h3 Bd7
11. f4 Qh5 12. Nf3 Rac8 13. Qe1 a6 14. Rd1 b5 15. e5 dxe5 16. fxe5 Nxe5 17. Nxe5 Qxe5 18. Rxf6 Bxf6 19. Rxd7 Rfd8 20. Rb7 Bh4
21. Qxh4 Qxe3+ 22. Kh2 Qe5+ 23. Qg3 Qxg3+ 24. Kxg3 e6 25. Ne4 Rb8 26. Rc7 Rbc8 27. Ra7 Ra8 28. Rxa8 Rxa8 29. Kf4 Kf8 30. Ke5 Ke7
31. c3 Rc8 32. g3 a5 33. a3 Rc6 34. Ba2 h6 35. b4 axb4 36. axb4 Ra6 37. Bb3 Ra1 38. Kd4 Re1 39. g4 f5 40. gxf5 gxf5
41. Nc5 f4 42. Bxe6 f3 43. Bd7 f2 44. Bxb5 f1=Q 45. Bxf1 Rxf1 46. b5 Kd6 47. Ne4+ Kc7 48. c4 Kb6 49. Ke3 Re1+ 50. Kd3 Rd1+
51. Kc3 Rh1 52. Kb4 Rb1+ 53. Ka4 Ra1+ 54. Kb3 Rh1 55. Nc3 Rxh3 56. Kb4 h5 57. c5+ Kb7 58. c6+ Kb8 59. Nd5 Rh1 60. b6 Rc1
61. Ne7 h4 62. c7+ Kb7 63. Nf5 h3 64. Kb5 Rc6 65. Ka4 Kxb6 66. Ng3 Rxc7
0-1

[Event "Tiger CUP-1"]
[Site "SchemingMind.com"]
[Date "2015.05.18"]
[Round "-"]
[White "David Perna-Fraser"]
[Black "Mike Smith"]
[Result "1-0"]
[WhiteCountry "CAN"]
[BlackCountry "ENG"]
[WhiteElo "2305"]
[WhiteRD "61"]
[BlackElo "1995"]
[BlackRD "91"]
[GameID "379980"]

1. e4 c5 2. Nf3 Nc6 3. d4 cxd4 4. Nxd4 Nf6 5. Nc3 e5 6. Ndb5 d6 7. Bg5 a6 8. Na3 b5 9. Nd5 Be7 10. Bxf6 gxf6
11. Bd3 Rg8 12. O-O Bh3 13. Ne3 Qd7 14. Kh1 Bg4 15. Be2 Be6 16. c3 Rc8 17. f4 Qa7 18. Nac2 Na5 19. f5 Bc4 20. b4 Bxe2
21. Qxe2 Nc4 22. a4 Qb7 23. Nd5 Rg5 24. Nce3 Kf8 25. axb5 Qxb5 26. Nxe7 Kxe7 27. Nd5+ Kf8 28. Nxf6 Kg7 29. Nd5 Kh8 30. Ne7 Re8
31. f6 Nb6 32. Qd2 Rg4 33. h3 Nc4 34. Qh6 Rg3 35. Qh4 Reg8 36. Nxg8 Rxg8 37. Rf5 Rxg2 38. Rh5
1-0

[Event "Tiger CUP-1"]
[Site "SchemingMind.com"]
[Date "2015.05.19"]
[Round "-"]
[White "Sahajaxx"]
[Black "Mike Smith"]
[Result "1-0"]
[WhiteCountry "ENG"]
[BlackCountry "ENG"]
[WhiteElo "2243"]
[WhiteRD "76"]
[BlackElo "1995"]
[BlackRD "91"]
[GameID "379981"]

1. d4 f5 2. Nf3 Nf6 3. g3 g6 4. Bg2 Bg7 5. O-O d6 6. c4 O-O 7. Nc3 c6 8. Bf4 Nh5 9. Bg5 Qe8 10. Qd2 e5
11. d5 c5 12. Nb5 Qd7 13. Bh6 a6 14. Bxg7 Kxg7 15. Nc3 h6 16. e4 f4 17. a4 g5 18. a5 Qf7 19. Na4 Nd7 20. Rab1 Nhf6
21. b4 cxb4 22. Qc2 Nc5 23. Nxc5 dxc5 24. Nxe5 Qc7 25. Nd3 Nh5 26. e5 f3 27. Bh1 g4 28. e6 Re8 29. Rfe1 Kg8 30. Qd2 Ng7
31. Qxh6 Qxa5 32. Nf4 Qa2 33. Ng6 Bxe6 34. Qh8+ Kf7 35. Ne5+ Ke7 36. Qxg7+ Kd6 37. dxe6
1-0

[Event "Tiger CUP-1"]
[Site "SchemingMind.com"]
[Date "2015.05.18"]
[Round "-"]
[White "Mike Smith"]
[Black "Ramesh Panwar"]
[Result "0-1"]
[WhiteCountry "ENG"]
[BlackCountry "IND"]
[WhiteElo "1995"]
[WhiteRD "91"]
[BlackElo "2393"]
[BlackRD "58"]
[GameID "379982"]

1. Nf3 Nf6 2. g3 d5 3. Bg2 e6 4. c4 dxc4 5. Qa4+ Bd7 6. Qxc4 c5 7. d4 b5 8. Qc2 Na6 9. Bg5 Rc8 10. Qd2 cxd4
11. Qxd4 Bc5 12. Qh4 Be7 13. Nc3 Rc4 14. e4 h6 15. Nd2 Rc5 16. Bxf6 Bxf6 17. Qg4 b4 18. Nd1 Bb5 19. Nb3 Rg5 20. Qf4 Nc5
21. Nxc5 Rxc5 22. Bf1 Bc6 23. Be2 Bg5 24. Qf3 Qd2+ 25. Kf1 O-O 26. h4 Bf6 27. Qd3 Rd8 28. Qxd2 Rxd2 29. Bf3 Bxb2 30. Nxb2 Rxb2
31. Kg2 Rcc2
0-1

[Event "Tiger CUP-1"]
[Site "SchemingMind.com"]
[Date "2015.05.29"]
[Round "-"]
[White "Mirta Crevani"]
[Black "MazetaFighter"]
[Result "1/2-1/2"]
[WhiteCountry "ARG"]
[BlackCountry "GRE"]
[WhiteElo "2091"]
[WhiteRD "82"]
[BlackElo "2058"]
[BlackRD "77"]
[GameID "381267"]

1. c4 Nf6 2. Nc3 e5 3. g3 Bb4 4. Bg2 O-O 5. Nf3 Re8 6. O-O c6 7. d3 h6 8. Bd2 d5 9. Nxd5 Nxd5 10. cxd5 Bxd2
11. Nxd2 cxd5 12. Qb3 Be6 13. Qxb7 Nd7 14. Bxd5 Rb8 15. Qc6 Rxb2 16. Bxe6 Rxe6 17. Qc3 Rb5 18. Rab1 Rc5 19. Qb2 Rec6 20. Rfc1 Rb6
21. Qa1 Rxb1 22. Qxb1 Qg5 23. Rxc5 Nxc5 24. Qc2 Qe7 25. Nb3 Nxb3 26. Qxb3 g6 27. e3 Kg7 28. Qc3 f6 29. d4 exd4 30. exd4 Qb7
31. Qe3 Qb1+ 32. Kg2 Qxa2 33. Qe7+ Kg8 34. Qxf6 Qd5+ 35. f3 Qa2+ 36. Kh3 Qf7 37. Qd8+ Kg7 38. Qa8 Qd7+ 39. Kg2 Qxd4=
1/2-1/2

[Event "Tiger CUP-1"]
[Site "SchemingMind.com"]
[Date "2015.05.30"]
[Round "-"]
[White "Oskyrain"]
[Black "MazetaFighter"]
[Result "1-0"]
[WhiteCountry "ARG"]
[BlackCountry "GRE"]
[WhiteElo "2492"]
[WhiteRD "81"]
[BlackElo "2068"]
[BlackRD "78"]
[GameID "381268"]

1. d4 Nf6 2. c4 e6 3. Nc3 d5 4. Nf3 Be7 5. Bg5 h6 6. Bh4 O-O 7. e3 b6 8. cxd5 Nxd5 9. Bxe7 Qxe7 10. Nxd5 exd5
11. Rc1 Be6 12. Bd3 c5 13. b3 Nc6 14. O-O Rac8 15. Qd2 Bg4 16. Ba6 Rcd8 17. Be2 Rfe8 18. h3 Bxf3 19. Bxf3 Qf6 20. dxc5 d4
21. Qc2 Ne5 22. Be4 d3 23. Qd2 Nd7 24. c6 Rxe4 25. cxd7 Rxd7 26. Rc8+ Kh7 27. Rc3 Re6 28. Rxd3 Rc7 29. Rc1 Rec6 30. Rxc6 Rxc6
31. Rd7 a5 32. Qd1 Qf5 33. g4 Qe6 34. Qd4 Rc1+ 35. Kh2 Rf1 36. Qd3+ g6 37. Rxf7+ Qxf7 38. Qxf1 Qc7+ 39. Kg2 Qc2 40. Qc4
1-0

[Event "Tiger CUP-1"]
[Site "SchemingMind.com"]
[Date "2015.05.31"]
[Round "-"]
[White "MazetaFighter"]
[Black "Glenn O'Brien"]
[Result "1/2-1/2"]
[WhiteCountry "GRE"]
[BlackCountry "AUS"]
[WhiteElo "2090"]
[WhiteRD "71"]
[BlackElo "2053"]
[BlackRD "70"]
[GameID "381269"]

1. e4 e5 2. Nf3 Nc6 3. Bb5 a6 4. Ba4 Nf6 5. O-O Be7 6. Re1 b5 7. Bb3 O-O 8. c3 d6 9. h3 Na5 10. Bc2 c5
11. d4 Qc7 12. Nbd2 cxd4 13. cxd4 Nc6 14. Nb3 a5 15. Be3 a4 16. Nbd2 Bd7 17. Rc1 Qb7 18. Nf1=
1/2-1/2

[Event "Tiger CUP-1"]
[Site "SchemingMind.com"]
[Date "2015.05.30"]
[Round "-"]
[White "opageo"]
[Black "MazetaFighter"]
[Result "1-0"]
[WhiteCountry "SCO"]
[BlackCountry "GRE"]
[WhiteElo "2134"]
[WhiteRD "99"]
[BlackElo "2090"]
[BlackRD "71"]
[GameID "381270"]

1. d4 d5 2. Nf3 Nf6 3. Bf4 c5 4. e3 Nc6 5. c3 Qb6 6. Qb3 c4 7. Qxb6 axb6 8. Be2 b5 9. Na3 Na7 10. Ne5 e6
11. Nc2 Bd6 12. Nxf7 Bxf4 13. Nxh8 Bd6 14. g4 Kf8 15. g5 Ne4 16. g6
1-0

[Event "Tiger CUP-1"]
[Site "SchemingMind.com"]
[Date "2015.05.31"]
[Round "-"]
[White "Mike Smith"]
[Black "MazetaFighter"]
[Result "1/2-1/2"]
[WhiteCountry "ENG"]
[BlackCountry "GRE"]
[WhiteElo "1995"]
[WhiteRD "91"]
[BlackElo "2090"]
[BlackRD "71"]
[GameID "381271"]

1. d4 Nf6 2. c4 e6 3. Nf3 d5 4. Nc3 c6 5. Bg5 Nbd7 6. e3 Qa5 7. Nd2 Bb4 8. Qc2 O-O 9. Bxf6 Nxf6 10. Be2 c5
11. Nb3 Qc7 12. dxc5 dxc4 13. Bxc4 Bxc5 14. Nxc5 Qxc5 15. Be2 Bd7 16. Bf3 Bc6 17. Bxc6 Qxc6=
1/2-1/2

[Event "Tiger CUP-1"]
[Site "SchemingMind.com"]
[Date "2015.06.03"]
[Round "-"]
[White "MazetaFighter"]
[Black "David Perna-Fraser"]
[Result "1/2-1/2"]
[WhiteCountry "GRE"]
[BlackCountry "CAN"]
[WhiteElo "2090"]
[WhiteRD "71"]
[BlackElo "2305"]
[BlackRD "61"]
[GameID "381272"]

1. e4 e5 2. Nf3 Nf6 3. Nxe5 d6 4. Nf3 Nxe4 5. d4 d5 6. Bd3 Bd6 7. O-O O-O 8. c4 c6 9. Nc3 Nxc3 10. bxc3 dxc4
11. Bxc4 Bg4 12. h3 Bh5 13. Re1 Nd7 14. g4 Bg6 15. Bg5 Qc7 16. Nh4 b5 17. Nxg6 hxg6 18. Bd3 Nb6 19. Qf3=
1/2-1/2

[Event "Tiger CUP-1"]
[Site "SchemingMind.com"]
[Date "2015.06.01"]
[Round "-"]
[White "MazetaFighter"]
[Black "Ramesh Panwar"]
[Result "0-1"]
[WhiteCountry "GRE"]
[BlackCountry "IND"]
[WhiteElo "2090"]
[WhiteRD "71"]
[BlackElo "2393"]
[BlackRD "58"]
[GameID "381273"]

1. e4 e5 2. Nf3 Nc6 3. Bc4 Nf6 4. d3 Be7 5. O-O O-O 6. Re1 d6 7. c3 Na5 8. Bb5 a6 9. Ba4 b5 10. Bc2 c5
11. Nbd2 Nc6 12. Nf1 Be6 13. Ng3 h6 14. d4 cxd4 15. cxd4 exd4 16. Nxd4 Nxd4 17. Qxd4 Rc8 18. Bb3 d5 19. Bf4 dxe4 20. Qxd8 Rfxd8
21. Bxe6 fxe6 22. Nxe4 Rc2 23. Rab1 Nxe4 24. Rxe4 Rxb2
0-1

[Event "Tiger CUP-1"]
[Site "SchemingMind.com"]
[Date "2015.06.03"]
[Round "-"]
[White "MazetaFighter"]
[Black "Sahajaxx"]
[Result "1/2-1/2"]
[WhiteCountry "GRE"]
[BlackCountry "ENG"]
[WhiteElo "2090"]
[WhiteRD "71"]
[BlackElo "2243"]
[BlackRD "76"]
[GameID "381274"]

1. e4 c5 2. Nf3 e6 3. d4 cxd4 4. Nxd4 Nf6 5. Nc3 a6 6. e5 Ng8 7. Bd3 d6 8. exd6 Bxd6 9. Ne4 Nf6 10. Nxd6+ Qxd6
11. O-O O-O 12. Nb5 Qd7 13. Nd6 Nd5 14. Ne4 f5 15. Ng5=
1/2-1/2